[Event "CZE-chT2B 1920"]
[Site "Czech Republic"]
[Date "2020.01.26"]
[Round "7.7"]
[White "Gutman, Petr"]
[Black "Kral, David"]
[Result "1/2-1/2"]
[WhiteElo "2077"]
[BlackElo "1998"]
[PlyCount "34"]
[EventDate "2019.10.13"]
[EventType "team-tourn"]
[EventRounds "11"]
[EventCountry "CZE"]
[SourceTitle "EXT 2024"]
[Source "ChessBase"]
[SourceDate "2023.10.10"]
[SourceVersion "1"]
[SourceVersionDate "2023.10.10"]
[SourceQuality "1"]
[WhiteTeam "Kladno"]
[BlackTeam "Teplice"]
[WhiteTeamCountry "CZE"]
[BlackTeamCountry "CZE"]

1. c4 c5 2. Nc3 Nc6 3. g3 g6 4. Bg2 Bg7 5. e4 e5 6. Nge2 Nge7 7. d3 d6 8. 0-0 0-0 9. h3 h6 10. Rb1 Rb8 11. a3 a6 12. Be3 Be6 13. b4 Nd4 14. Nd5 b5 15. f4 f6 16. Qd2 Qd7 17. Kh2 Kh7 1/2-1/2

[Event "CZE-chT2B 1819"]
[Site "Czech Republic"]
[Date "2019.02.10"]
[Round "8.6"]
[White "Velitshko, Ihor"]
[Black "Gutman, Petr"]
[Result "1/2-1/2"]
[WhiteElo "2274"]
[BlackElo "2137"]
[PlyCount "103"]
[EventDate "2018.10.14"]
[EventType "team-tourn"]
[EventRounds "11"]
[EventCountry "CZE"]
[SourceTitle "EXT 2022"]
[Source "ChessBase"]
[SourceDate "2021.10.06"]
[SourceVersion "1"]
[SourceVersionDate "2021.10.06"]
[SourceQuality "1"]
[WhiteTeam "Karlovy Vary Tietz II"]
[BlackTeam "Kladno"]
[WhiteTeamCountry "CZE"]
[BlackTeamCountry "CZE"]

1. e4 c5 2. c3 d5 3. exd5 Qxd5 4. d4 Nf6 5. Nf3 Nc6 6. Be3 cxd4 7. cxd4 e6 8. Nc3 Bb4 9. Bd3 0-0 10. 0-0 Qh5 11. Ne5 Qxd1 12. Rfxd1 Nxe5 13. dxe5 Nd7 14. Nb5 Bc5 15. Bf4 a6 16. Nd6 Bxd6 17. exd6 Nc5 18. Be2 Bd7 19. Bf3 a5 20. Rac1 Rac8 21. b3 b6 22. Be3 Rfd8 23. h3 Kf8 24. a3 Nxb3 25. Rb1 Rc3 26. Bxb6 Rdc8 27. Bc7 a4 28. Be2 Ra8 29. Kf1 Ke8 30. Rd3 Rxd3 31. Bxd3 Nd2+ 32. Ke2 Nxb1 33. Bxb1 Bb5+ 34. Kd2 Kd7 35. g3 Ra7 36. Kc3 Bc6 37. h4 h6 38. Bc2 Rb7 39. f4 g6 40. g4 f5 41. h5 gxh5 42. gxf5 h4 43. f6 Ra7 44. Bb6 Ra8 45. Bf2 h3 46. Bg3 Rf8 47. Kd4 Rxf6 48. Ke5 Rf8 49. f5 exf5 50. Bxf5+ Rxf5+ 51. Kxf5 h5 52. Kg5 1/2-1/2

[Event "CZE-chT2B 1819"]
[Site "Czech Republic"]
[Date "2019.01.27"]
[Round "7.6"]
[White "Gutman, Petr"]
[Black "Prochazka, Dalibor"]
[Result "0-1"]
[WhiteElo "2137"]
[BlackElo "2159"]
[PlyCount "70"]
[EventDate "2018.10.14"]
[EventType "team-tourn"]
[EventRounds "11"]
[EventCountry "CZE"]
[SourceTitle "EXT 2022"]
[Source "ChessBase"]
[SourceDate "2021.10.06"]
[SourceVersion "1"]
[SourceVersionDate "2021.10.06"]
[SourceQuality "1"]
[WhiteTeam "Kladno"]
[BlackTeam "Karlovy Vary Tietz"]
[WhiteTeamCountry "CZE"]
[BlackTeamCountry "CZE"]

1. c4 b6 2. Nc3 Bb7 3. e4 e6 4. Nge2 c5 5. d3 Ne7 6. g3 d5 7. exd5 exd5 8. Bg2 Bc6 9. 0-0 d4 10. Nd5 Nxd5 11. cxd5 Bxd5 12. Bxd5 Qxd5 13. Nf4 Qd7 14. Re1+ Be7 15. Qf3 Nc6 16. Rxe7+ Kxe7 17. Nd5+ Kf8 18. Bg5 Ne5 19. Qe4 Re8 20. Be7+ Rxe7 21. Nxe7 Qxe7 22. Qa8+ Qe8 23. Qxe8+ Kxe8 24. Re1 f6 25. f4 Kd7 26. fxe5 Re8 27. b4 Rxe5 28. Rb1 Kc6 29. Kf2 b5 30. bxc5 a5 31. Rb2 b4 32. a3 bxa3 33. Ra2 Kxc5 34. Rxa3 Kb4 35. Ra1 a4 0-1

[Event "CZE-chT2B 1819"]
[Site "Czech Republic"]
[Date "2018.11.18"]
[Round "3.7"]
[White "Gutman, Petr"]
[Black "Pribyl, Viktor"]
[Result "1/2-1/2"]
[WhiteElo "2137"]
[BlackElo "2006"]
[PlyCount "70"]
[EventDate "2018.10.14"]
[EventType "team-tourn"]
[EventRounds "11"]
[EventCountry "CZE"]
[SourceTitle "EXT 2022"]
[Source "ChessBase"]
[SourceDate "2021.10.06"]
[SourceVersion "1"]
[SourceVersionDate "2021.10.06"]
[SourceQuality "1"]
[WhiteTeam "Kladno"]
[BlackTeam "Praha Dopravni podnik II"]
[WhiteTeamCountry "CZE"]
[BlackTeamCountry "CZE"]

1. c4 Nf6 2. Nc3 d5 3. cxd5 Nxd5 4. g3 Nb6 5. Bg2 g6 6. Nf3 Bg7 7. 0-0 0-0 8. d3 Nc6 9. a3 e5 10. Bg5 f6 11. Be3 Be6 12. b4 Nd4 13. Bxd4 exd4 14. Ne4 f5 15. Nc5 Bd5 16. Qd2 Nd7 17. Rac1 Nxc5 18. Rxc5 c6 19. Rfc1 Re8 20. Nh4 Bxg2 21. Kxg2 Bf8 22. Qa2+ Kh8 23. R5c2 Re5 24. Nf3 Rd5 25. Rc4 a5 26. Qb2 axb4 27. axb4 Bg7 28. Ra1 Rxa1 29. Qxa1 h6 30. Qa7 Rd7 31. Qc5 Rd5 32. Qa7 Rd7 33. Qc5 Kh7 34. h4 Rd5 35. Qa7 Rd7 1/2-1/2

[Event "CZE-chT2B 1819"]
[Site "Czech Republic"]
[Date "2018.11.04"]
[Round "2.6"]
[White "Gutman, Petr"]
[Black "Kudrlicka, Ladislav"]
[Result "1/2-1/2"]
[WhiteElo "2137"]
[BlackElo "2023"]
[PlyCount "175"]
[EventDate "2018.10.14"]
[EventType "team-tourn"]
[EventRounds "11"]
[EventCountry "CZE"]
[SourceTitle "EXT 2022"]
[Source "ChessBase"]
[SourceDate "2021.10.06"]
[SourceVersion "1"]
[SourceVersionDate "2021.10.06"]
[SourceQuality "1"]
[WhiteTeam "Kladno"]
[BlackTeam "Teplice"]
[WhiteTeamCountry "CZE"]
[BlackTeamCountry "CZE"]

1. c4 e6 2. Nc3 d5 3. cxd5 exd5 4. d4 c6 5. Nf3 Bf5 6. Bg5 Be7 7. Bxe7 Qxe7 8. e3 Nd7 9. Bd3 Bxd3 10. Qxd3 Ngf6 11. 0-0 0-0 12. Nd2 Rfe8 13. Rfe1 Ne4 14. Nf1 Ndf6 15. f3 Nxc3 16. bxc3 Rad8 17. a4 b6 18. Ng3 g6 19. e4 dxe4 20. fxe4 c5 21. e5 Nd5 22. Ne4 Kg7 23. Qg3 cxd4 24. Nd6 Qe6 25. Nxe8+ Rxe8 26. cxd4 Rd8 27. Rac1 Rd7 28. Red1 Ne7 29. Qf3 Nd5 30. Rc8 Ne7 31. Rc2 Nd5 32. g4 h6 33. h3 Nb4 34. Rc8 Nd5 35. Rdc1 Ne7 36. R8c7 Nd5 37. R1c6 Rxc7 38. Rxe6 Rc1+ 39. Kf2 Rc2+ 40. Ke1 fxe6 41. Qd3 Rc7 42. h4 Nf4 43. Qe4 g5 44. h5 Rf7 45. Qc6 Re7 46. Kd2 Nd5 47. Qc2 Nf4 48. Qe4 Rc7 49. Qb1 Rc4 50. Qe4 Rc7 51. Qa8 Re7 52. Qd8 Nd5 53. Kd3 Nf4+ 54. Kc4 Nd5 55. Kb5 Rf7 56. Kc6 Nf4 57. Kd6 Rf8 58. Qe7+ Rf7 59. Qe8 Rf8 60. Qd7+ Rf7 61. Qc6 Rf8 62. Qe4 Rd8+ 63. Ke7 Rf8 64. Qc6 Rf7+ 65. Kd6 Rf8 66. Kc7 Rf7+ 67. Kb8 Re7 68. Qe4 Rd7 69. Qc6 Re7 70. Qc2 Rd7 71. Qe4 Re7 72. Kc8 Re8+ 73. Kd7 Rf8 74. Qc2 Rf7+ 75. Kd6 Rf8 76. Kd7 Rf7+ 77. Kc6 Rf8 78. Kb5 Rf7 79. Ka6 Re7 80. Qc8 Nd5 81. Qd8 Rf7 82. Kb5 Nf4 83. Kc4 Nd5 84. Qa8 Rc7+ 85. Kd3 Nf4+ 86. Kd2 Rd7 87. Ke3 Nd5+ 88. Kd2 1/2-1/2

[Event "CZE-chT2A 1516"]
[Site "Czech Republic"]
[Date "2016.01.10"]
[Round "5.7"]
[White "Turner, Radek"]
[Black "Gutman, Petr"]
[Result "1/2-1/2"]
[WhiteElo "2077"]
[BlackElo "2127"]
[PlyCount "84"]
[EventDate "2015.10.18"]
[EventType "team-tourn"]
[EventRounds "11"]
[EventCountry "CZE"]
[SourceTitle "EXT 2022"]
[Source "ChessBase"]
[SourceDate "2021.10.06"]
[SourceVersion "1"]
[SourceVersionDate "2021.10.06"]
[SourceQuality "1"]
[WhiteTeam "Line"]
[BlackTeam "Kladno"]
[WhiteTeamCountry "CZE"]
[BlackTeamCountry "CZE"]

1. c4 g6 2. Nc3 Bg7 3. d4 Nf6 4. e4 d6 5. f4 0-0 6. Nf3 c5 7. dxc5 Qa5 8. Bd3 Qxc5 9. Qe2 Nc6 10. Be3 Qa5 11. Rc1 Ng4 12. Bd2 f5 13. h3 Nf6 14. Nd5 Qd8 15. Nxf6+ Bxf6 16. Bc3 Bxc3+ 17. Rxc3 fxe4 18. Qxe4 Bf5 19. Qe3 Bxd3 20. Rxd3 Qa5+ 21. Nd2 Nb4 22. Rc3 e5 23. 0-0 exf4 24. Rxf4 Rxf4 25. Qxf4 Qc5+ 26. Qe3 Nxa2 27. Ne4 Qe5 28. Ra3 Nb4 29. Qf3 Rf8 30. Qg4 Qxb2 31. Qe6+ Kg7 32. Rf3 Qa1+ 33. Kf2 Qd4+ 34. Kf1 Rxf3+ 35. gxf3 Qd3+ 36. Kf2 Qd4+ 37. Kf1 Qd1+ 38. Kg2 Qe2+ 39. Kg3 Qe1+ 40. Kg2 Qe2+ 41. Kg3 Qe1+ 42. Kg2 Qe2+ 1/2-1/2

[Event "CZE-chT2A 1415"]
[Site "Czech Republic"]
[Date "2015.01.11"]
[Round "5.6"]
[White "Gutman, Petr"]
[Black "Eret, Jonas"]
[Result "1-0"]
[WhiteElo "2129"]
[BlackElo "2054"]
[PlyCount "81"]
[EventDate "2014.11.02"]
[EventType "team-tourn"]
[EventRounds "11"]
[EventCountry "CZE"]
[SourceTitle "EXT 2022"]
[Source "ChessBase"]
[SourceDate "2021.10.06"]
[SourceVersion "1"]
[SourceVersionDate "2021.10.06"]
[SourceQuality "1"]
[WhiteTeam "Kladno"]
[BlackTeam "Klatovy"]
[WhiteTeamCountry "CZE"]
[BlackTeamCountry "CZE"]

1. c4 e6 2. Nc3 b6 3. e4 Bb7 4. d4 d6 5. f3 Nd7 6. g3 c6 7. Bg2 g6 8. Nge2 Bg7 9. 0-0 Ne7 10. Be3 0-0 11. Qd2 d5 12. cxd5 cxd5 13. e5 Ba6 14. Rf2 Rc8 15. Bg5 Qe8 16. h4 Nc6 17. h5 Na5 18. b3 Nb8 19. Bh3 Nbc6 20. hxg6 hxg6 21. Rh2 f6 22. exf6 Bxf6 23. Bxf6 Rxf6 24. Bg4 Rc7 25. Qg5 Qf7 26. Kg2 Qg7 27. Rah1 Rcf7 28. Rh6 Bd3 29. Qh4 Kf8 30. Rh8+ Ke7 31. Qg5 Bf5 32. Nf4 Bxg4 33. fxg4 Nxd4 34. R1h7 Qxh7 35. Rxh7 Rxh7 36. Ncxd5+ exd5 37. Nxd5+ Ke6 38. Nxf6 Rf7 39. Ne4 Rd7 40. Qxg6+ Ke5 41. Qe8+ 1-0

[Event "CZE-chT2A 1415"]
[Site "Czech Republic"]
[Date "2014.12.14"]
[Round "4.7"]
[White "Gutman, Petr"]
[Black "Jakl, Ales"]
[Result "1/2-1/2"]
[WhiteElo "2129"]
[BlackElo "1989"]
[PlyCount "115"]
[EventDate "2014.11.02"]
[EventType "team-tourn"]
[EventRounds "11"]
[EventCountry "CZE"]
[SourceTitle "EXT 2022"]
[Source "ChessBase"]
[SourceDate "2021.10.06"]
[SourceVersion "1"]
[SourceVersionDate "2021.10.06"]
[SourceQuality "1"]
[WhiteTeam "Kladno"]
[BlackTeam "Tachov"]
[WhiteTeamCountry "CZE"]
[BlackTeamCountry "CZE"]

1. c4 Nf6 2. Nc3 g6 3. g3 Bg7 4. Bg2 c5 5. e4 e5 6. Nge2 d6 7. 0-0 Nc6 8. d3 0-0 9. h3 Ne8 10. Rb1 Nc7 11. a3 Ne6 12. b4 Ncd4 13. f4 exf4 14. gxf4 Qh4 15. Qe1 Qxe1 16. Rxe1 Nc2 17. Rf1 Ned4 18. Kh2 Rb8 19. Nxd4 Nxd4 20. bxc5 dxc5 21. Na4 b6 22. Nxc5 Bxh3 23. Na6 Bxg2 24. Kxg2 Rbc8 25. a4 Rfd8 26. Nb4 Bf8 27. Nd5 Rc6 28. Bb2 Nc2 29. Rfc1 Nb4 30. Nf6+ Rxf6 31. Bxf6 Rxd3 32. Rd1 Bc5 33. Rxd3 Nxd3 34. Kf3 Nb4 35. Rd1 Nc6 36. Rd7 a5 37. Kg4 h5+ 38. Kg5 Kf8 39. Rc7 Ne7 40. Bc3 Ke8 41. Rb7 Nc8 42. f5 Nd6 43. Rb8+ Kd7 44. Kf4 gxf5 45. exf5 Bf2 46. Kf3 Bc5 47. Kf4 Bf2 48. Kf3 Bc5 49. Rh8 Nxf5 50. Rxh5 Nd6 51. Bxa5 Nxc4 52. Bc3 Kc6 53. Ke4 b5 54. axb5+ Kxb5 55. Bd4 Nd6+ 56. Ke3 f5 57. Bxc5 Kxc5 58. Kf4 1/2-1/2

[Event "CZE-chT2A 1314"]
[Site "Czech Republic"]
[Date "2014.02.02"]
[Round "7.6"]
[White "Ptak, Pavel"]
[Black "Gutman, Petr"]
[Result "1/2-1/2"]
[WhiteElo "2163"]
[BlackElo "2116"]
[PlyCount "75"]
[EventDate "2013.11.03"]
[EventType "team-tourn"]
[EventRounds "11"]
[EventCountry "CZE"]
[SourceTitle "EXT 2015"]
[Source "ChessBase"]
[SourceDate "2014.11.20"]
[SourceVersion "1"]
[SourceVersionDate "2014.11.20"]
[SourceQuality "1"]
[WhiteTeam "Pisek"]
[BlackTeam "Kladno"]
[WhiteTeamCountry "CZE"]
[BlackTeamCountry "CZE"]

1. d4 Nf6 2. g3 g6 3. Bg2 Bg7 4. e4 d6 5. Ne2 0-0 6. Nbc3 e5 7. h3 Nc6 8. Be3 h6 9. 0-0 Kh7 10. Kh2 Bd7 11. Qd2 exd4 12. Nxd4 Re8 13. Rfe1 a6 14. Rad1 Nxd4 15. Bxd4 Bc6 16. f4 Qe7 17. Qf2 Nh5 18. Bxg7 Nxg7 19. e5 dxe5 20. Bxc6 bxc6 21. fxe5 Rad8 22. Rxd8 Rxd8 23. Ne4 Ne6 24. h4 Kg7 25. a3 Rd5 26. Nf6 Rb5 27. b4 a5 28. c3 axb4 29. axb4 Rb8 30. Qe3 c5 31. Ng4 Rh8 32. b5 h5 33. Nf6 c4 34. Nd5 Qd7 35. Qf3 Rb8 36. Rf1 Nd8 37. Qf6+ Kh7 38. Rd1 1/2-1/2

[Event "CZE-chT2A 1314"]
[Site "Czech Republic"]
[Date "2013.12.01"]
[Round "3.6"]
[White "Pokorny, Petr"]
[Black "Gutman, Petr"]
[Result "1/2-1/2"]
[WhiteElo "2171"]
[BlackElo "2116"]
[PlyCount "91"]
[EventDate "2013.11.03"]
[EventType "team-tourn"]
[EventRounds "11"]
[EventCountry "CZE"]
[SourceTitle "EXT 2015"]
[Source "ChessBase"]
[SourceDate "2014.11.20"]
[SourceVersion "1"]
[SourceVersionDate "2014.11.20"]
[SourceQuality "1"]
[WhiteTeam "Postovni sporitelna II"]
[BlackTeam "Kladno"]
[WhiteTeamCountry "CZE"]
[BlackTeamCountry "CZE"]

1. d4 Nf6 2. c4 g6 3. Nc3 Bg7 4. e4 d6 5. Nf3 0-0 6. Be2 e5 7. dxe5 dxe5 8. Qxd8 Rxd8 9. Bg5 c6 10. Nxe5 Re8 11. 0-0-0 Nxe4 12. Nxe4 Bxe5 13. Rhe1 Bf5 14. Nf6+ Bxf6 15. Bxf6 Nd7 16. Bd4 Ne5 17. Bf1 f6 18. f4 Nd7 19. h3 h5 20. Re3 c5 21. Rxe8+ Rxe8 22. Bf2 b6 23. Rd6 Re7 24. Kd2 Kf7 25. Be2 Nf8 26. Bf3 Rd7 27. Rxd7+ Nxd7 28. a3 Ke7 29. Kc3 Kd6 30. Bd5 Nf8 31. Be3 Ne6 32. Bf3 Nf8 33. b4 Nd7 34. Kb3 Be6 35. Be2 Nf8 36. Bd3 Bd7 37. Be4 Bc6 38. Bxc6 Kxc6 39. Kc3 f5 40. b5+ Kb7 41. Kd3 Nd7 42. Bd2 Nf6 43. Bc3 Ne4 44. Be5 Kc8 45. Ke3 Kb7 46. Kd3 1/2-1/2

[Event "CZE-chT2A 1314"]
[Site "Czech Republic"]
[Date "2013.11.03"]
[Round "1.6"]
[White "Gutman, Petr"]
[Black "Valenz, Miroslav"]
[Result "1-0"]
[WhiteElo "2116"]
[BlackElo "2182"]
[PlyCount "157"]
[EventDate "2013.11.03"]
[EventType "team-tourn"]
[EventRounds "11"]
[EventCountry "CZE"]
[SourceTitle "EXT 2015"]
[Source "ChessBase"]
[SourceDate "2014.11.20"]
[SourceVersion "1"]
[SourceVersionDate "2014.11.20"]
[SourceQuality "1"]
[WhiteTeam "Kladno"]
[BlackTeam "Domazlice"]
[WhiteTeamCountry "CZE"]
[BlackTeamCountry "CZE"]

1. c4 e5 2. Nc3 d6 3. g3 g6 4. Bg2 Bg7 5. e4 Nc6 6. Nge2 Nge7 7. d3 Bg4 8. h3 Be6 9. 0-0 Qd7 10. Kh2 f5 11. Nd5 0-0 12. f4 fxe4 13. dxe4 Nd4 14. Nxd4 exd4 15. b3 c6 16. Nb4 a5 17. Nd3 c5 18. e5 Nc6 19. Ba3 b6 20. Re1 Rae8 21. Qf3 Nxe5 22. Nxe5 dxe5 23. Qc6 Qxc6 24. Bxc6 Re7 25. Kg2 exf4 26. Rxe6 Rxe6 27. Bd5 Kf7 28. Re1 Rfe8 29. gxf4 Kf6 30. Bxe6 Rxe6 31. Rxe6+ Kxe6 32. Bc1 Kf5 33. Kf3 h5 34. Bd2 Bf6 35. Be1 Be7 36. Bf2 Bd8 37. Be1 h4 38. Bf2 Be7 39. Be1 Bf6 40. Bf2 Bd8 41. Be1 Bf6 42. Bf2 g5 43. fxg5 Bxg5 44. Be1 d3 45. Bc3 Bf4 46. Bg7 Bg5 47. Bc3 Ke6 48. Bg7 Kd6 49. a4 Ke6 50. Bc3 Kf5 51. Bg7 d2 52. Ke2 Ke4 53. Bc3 Kf5 54. Bg7 Ke4 55. Bc3 Kf5 56. Bg7 Kf4 57. Kxd2 Kg3+ 58. Ke2 Bf4 59. Bf6 Bc7 60. Bg5 Kxh3 61. Kf3 Bg3 62. Bd8 Be1 63. Bxb6 Bb4 64. Bc7 Be1 65. Bd6 Bb4 66. Be7 Ba3 67. Bg5 Bb4 68. Bf4 Bc3 69. Be3 Bb4 70. Bf2 Ba3 71. Be1 Kh2 72. Bxh4 Bb4 73. Ke4 Kg2 74. Kd5 Kf3 75. Be7 Ke2 76. Bxc5 Bd2 77. Bb6 Kd3 78. c5 Kc3 79. Bxa5+ 1-0

[Event "CZE-chT2A 1213"]
[Site "Czech Republic"]
[Date "2012.12.16"]
[Round "5.6"]
[White "Hubka, Roland"]
[Black "Gutman, Petr"]
[Result "0-1"]
[WhiteElo "1999"]
[BlackElo "2127"]
[PlyCount "96"]
[EventDate "2012.10.14"]
[EventType "team-tourn"]
[EventRounds "11"]
[EventCountry "CZE"]
[SourceTitle "EXT 2015"]
[Source "ChessBase"]
[SourceDate "2014.11.20"]
[SourceVersion "1"]
[SourceVersionDate "2014.11.20"]
[SourceQuality "1"]
[WhiteTeam "Tachov"]
[BlackTeam "Kladno"]
[WhiteTeamCountry "CZE"]
[BlackTeamCountry "CZE"]

1. Nf3 c5 2. c4 Nc6 3. g3 g6 4. Bg2 Bg7 5. 0-0 e5 6. Nc3 Nge7 7. d3 0-0 8. a3 d6 9. Bd2 h6 10. Rb1 Be6 11. b4 Rb8 12. b5 Nd4 13. e4 Bg4 14. h3 Nxf3+ 15. Bxf3 Bxh3 16. Bg2 Qd7 17. Kh2 Bxg2 18. Kxg2 f5 19. Rh1 f4 20. f3 g5 21. g4 Ng6 22. Be1 Kf7 23. Nd5 Rh8 24. Qd2 Bf6 25. Rh5 Nf8 26. Bf2 Bd8 27. Rbh1 Kg6 28. Be1 Ne6 29. Qd1 Ng7 30. Qb3 Nxh5 31. Rxh5 Bc7 32. Bd2 Ra8 33. a4 b6 34. a5 bxa5 35. Qa4 a6 36. Rh1 axb5 37. cxb5 Rhb8 38. Rb1 Bd8 39. Nc3 Kg7 40. Qc4 Qf7 41. Nd5 a4 42. Ra1 a3 43. Bc3 Qd7 44. b6 Bxb6 45. Nxb6 Rxb6 46. Qd5 Qe8 47. Ra2 Ra7 48. Ra1 Qf7 0-1

[Event "CZE-chT2A 1213"]
[Site "Czech Republic"]
[Date "2012.11.18"]
[Round "3.5"]
[White "Krajic, Karel"]
[Black "Gutman, Petr"]
[Result "1/2-1/2"]
[WhiteElo "2057"]
[BlackElo "2127"]
[PlyCount "76"]
[EventDate "2012.10.14"]
[EventType "team-tourn"]
[EventRounds "11"]
[EventCountry "CZE"]
[SourceTitle "EXT 2015"]
[Source "ChessBase"]
[SourceDate "2014.11.20"]
[SourceVersion "1"]
[SourceVersionDate "2014.11.20"]
[SourceQuality "1"]
[WhiteTeam "Most Chess II"]
[BlackTeam "Kladno"]
[WhiteTeamCountry "CZE"]
[BlackTeamCountry "CZE"]

1. Nf3 c5 2. c4 Nc6 3. Nc3 g6 4. g3 Bg7 5. Bg2 e5 6. d3 Nge7 7. 0-0 d6 8. Rb1 0-0 9. a3 f5 10. Bg5 h6 11. Bd2 g5 12. b4 Ng6 13. Nd5 Rb8 14. e3 Nce7 15. Ne1 b6 16. f4 g4 17. Nc2 Bb7 18. e4 Bxd5 19. cxd5 exf4 20. Bxf4 Nxf4 21. Rxf4 h5 22. exf5 Nxf5 23. Be4 Nd4 24. Rxf8+ Qxf8 25. Kg2 Qe7 26. Ne3 Rf8 27. Nc4 Qf6 28. Qe1 cxb4 29. axb4 h4 30. Ne3 h3+ 31. Kh1 Qg5 32. Nc4 b5 33. Nxd6 Qf6 34. Nb7 Nc2 35. Qe2 Nd4 36. Qe1 Nc2 37. Qe2 Nd4 38. Qe1 Nc2 1/2-1/2

[Event "CZE-chT2A 1213"]
[Site "Czech Republic"]
[Date "2012.11.04"]
[Round "2.6"]
[White "Ksana, Vaclav"]
[Black "Gutman, Petr"]
[Result "1-0"]
[WhiteElo "2127"]
[BlackElo "2127"]
[PlyCount "51"]
[EventDate "2012.10.14"]
[EventType "team-tourn"]
[EventRounds "11"]
[EventCountry "CZE"]
[SourceTitle "EXT 2015"]
[Source "ChessBase"]
[SourceDate "2014.11.20"]
[SourceVersion "1"]
[SourceVersionDate "2014.11.20"]
[SourceQuality "1"]
[WhiteTeam "Most Chess"]
[BlackTeam "Kladno"]
[WhiteTeamCountry "CZE"]
[BlackTeamCountry "CZE"]

1. e4 c5 2. f4 d5 3. exd5 Qxd5 4. Nc3 Qd8 5. Nf3 Nf6 6. Bb5+ Bd7 7. Qe2 g6 8. Ne5 Bg7 9. Qc4 0-0 10. Qxc5 Bf5 11. d3 a6 12. Ba4 b6 13. Qf2 b5 14. Bb3 Nbd7 15. h3 Nb6 16. Be3 Nbd5 17. Nc6 Qd6 18. Nxd5 Nxd5 19. Bxd5 Rae8 20. Bf3 Bxb2 21. Rb1 Bc3+ 22. Bd2 Bg7 23. 0-0 Bd7 24. Ne5 Bc8 25. Bb4 Qe6 26. Qc5 1-0

[Event "CZE-chT2B 1112"]
[Site "Czech Republic"]
[Date "2012.03.04"]
[Round "9.4"]
[White "Chrz, Pavel"]
[Black "Gutman, Petr"]
[Result "1-0"]
[WhiteElo "2094"]
[BlackElo "2122"]
[PlyCount "97"]
[EventDate "2011.10.09"]
[EventType "team-tourn"]
[EventRounds "11"]
[EventCountry "CZE"]
[SourceTitle "EXT 2013"]
[Source "ChessBase"]
[SourceDate "2012.11.22"]
[SourceVersion "1"]
[SourceVersionDate "2012.11.22"]
[SourceQuality "1"]
[WhiteTeam "Usti nad Labem"]
[BlackTeam "Kladno"]
[WhiteTeamCountry "CZE"]
[BlackTeamCountry "CZE"]

1. d4 Nf6 2. Nc3 d5 3. Bg5 e6 4. e4 dxe4 5. Nxe4 Be7 6. Bxf6 Bxf6 7. Nf3 0-0 8. Qd2 b6 9. 0-0-0 Bb7 10. Bd3 Nd7 11. h4 Re8 12. Neg5 h6 13. Rh3 Bxg5 14. hxg5 Bxf3 15. gxf3 Qxg5 16. f4 Qf6 17. Rg1 Kh8 18. Rgh1 Kg8 19. Rg3 Kh8 20. Rgh3 Kg8 21. Rg3 Kh8 22. Qe3 c5 23. Qe4 Nf8 24. Rhg1 g6 25. Rh3 h5 26. Qg2 Qxf4+ 27. Kb1 cxd4 28. Rxh5+ Kg7 29. Rg5 Qf6 30. Qh3 Nd7 31. Qg2 Nf8 32. Qh3 Nh7 33. R5g3 Rh8 34. Qg2 Rag8 35. Bxg6 Kf8 36. Qa8+ Ke7 37. Qxa7+ Ke8 38. Qa8+ Qd8 39. Qa4+ Ke7 40. Qa7+ Qd7 41. Qa3+ Ke8 42. Bxh7 Rxg3 43. Rxg3 f5 44. Qa8+ Qd8 45. Qxd8+ Kxd8 46. Rg8+ Rxg8 47. Bxg8 Ke7 48. a4 Kd6 49. Kc1 1-0

[Event "CZE-chT2B 1112"]
[Site "Czech Republic"]
[Date "2012.01.22"]
[Round "6.4"]
[White "Gutman, Petr"]
[Black "Svatos, Jan"]
[Result "0-1"]
[WhiteElo "2122"]
[BlackElo "2280"]
[PlyCount "78"]
[EventDate "2011.10.09"]
[EventType "team-tourn"]
[EventRounds "11"]
[EventCountry "CZE"]
[SourceTitle "EXT 2013"]
[Source "ChessBase"]
[SourceDate "2012.11.22"]
[SourceVersion "1"]
[SourceVersionDate "2012.11.22"]
[SourceQuality "1"]
[WhiteTeam "Kladno"]
[BlackTeam "Vrsovice"]
[WhiteTeamCountry "CZE"]
[BlackTeamCountry "CZE"]

1. c4 c6 2. Nc3 Nf6 3. d4 d5 4. Bf4 dxc4 5. e4 b5 6. e5 Nd5 7. Nxd5 cxd5 8. a4 bxa4 9. Rxa4 e6 10. Ne2 Nc6 11. Bd2 Qb6 12. Bc3 Bb4 13. g3 Bd7 14. Ra1 0-0 15. Bg2 f6 16. exf6 Rxf6 17. 0-0 Be8 18. Nf4 Bf7 19. Qd2 Bd6 20. Nh3 h6 21. Kh1 Bg6 22. Rfe1 Bd3 23. Qe3 Nb4 24. Bxb4 Qxb4 25. Ra6 Rd8 26. Qc1 Qb5 27. Ra2 Qb6 28. Qe3 a5 29. f4 a4 30. Nf2 Bf5 31. g4 Bc2 32. f5 Bb4 33. fxe6 Bxe1 34. e7 Bxf2 35. Bxd5+ Rxd5 36. e8Q+ Kh7 37. Q3e7 Rd8 38. Q7xd8 Qxd8 39. Qxd8 Be4# 0-1

[Event "CZE-chT2B 1112"]
[Site "Czech Republic"]
[Date "2011.12.04"]
[Round "4.4"]
[White "Zamboch, Roman"]
[Black "Gutman, Petr"]
[Result "1/2-1/2"]
[WhiteElo "2117"]
[BlackElo "2122"]
[PlyCount "43"]
[EventDate "2011.10.09"]
[EventType "team-tourn"]
[EventRounds "11"]
[EventCountry "CZE"]
[SourceTitle "EXT 2013"]
[Source "ChessBase"]
[SourceDate "2012.11.22"]
[SourceVersion "1"]
[SourceVersionDate "2012.11.22"]
[SourceQuality "1"]
[WhiteTeam "Kralupy nad Vltavou"]
[BlackTeam "Kladno"]
[WhiteTeamCountry "CZE"]
[BlackTeamCountry "CZE"]

1. d4 Nf6 2. c4 e6 3. Nf3 d5 4. Nc3 Bb4 5. Bd2 0-0 6. e3 Nbd7 7. Qb3 Bxc3 8. bxc3 b6 9. cxd5 exd5 10. c4 Ba6 11. Rc1 Bxc4 12. Bxc4 dxc4 13. Qxc4 c5 14. 0-0 Ne4 15. Rfd1 Nxd2 16. Rxd2 cxd4 17. Nxd4 Nf6 18. Rdc2 Qd5 19. Nc6 Qxc4 20. Rxc4 Rfe8 21. Kf1 Kf8 22. Ke2 1/2-1/2

[Event "CZE-chT2B 1112"]
[Site "Czech Republic"]
[Date "2011.11.20"]
[Round "3.4"]
[White "Gutman, Petr"]
[Black "Friml, Antonin"]
[Result "1-0"]
[WhiteElo "2122"]
[BlackElo "2126"]
[PlyCount "79"]
[EventDate "2011.10.09"]
[EventType "team-tourn"]
[EventRounds "11"]
[EventCountry "CZE"]
[SourceTitle "EXT 2013"]
[Source "ChessBase"]
[SourceDate "2012.11.22"]
[SourceVersion "1"]
[SourceVersionDate "2012.11.22"]
[SourceQuality "1"]
[WhiteTeam "Kladno"]
[BlackTeam "Teplice"]
[WhiteTeamCountry "CZE"]
[BlackTeamCountry "CZE"]

1. c4 Nf6 2. Nc3 e5 3. g3 d5 4. cxd5 Nxd5 5. Bg2 Nb6 6. Nf3 Nc6 7. 0-0 Be7 8. d3 0-0 9. Be3 Be6 10. Qc1 f6 11. Rd1 Nd4 12. Bxd4 exd4 13. Ne4 Qd7 14. Nc5 Bxc5 15. Qxc5 Rad8 16. Rdc1 c6 17. a4 Nc8 18. a5 a6 19. Ra4 Qf7 20. Nxd4 Rfe8 21. Nxe6 Rxe6 22. Bf3 Nd6 23. d4 Ne4 24. Qc2 Qe7 25. Bg4 Red6 26. Qc4+ Kh8 27. Rd1 Rd5 28. Bf3 f5 29. Qc2 h6 30. Bg2 Rb5 31. f3 Nf6 32. e4 fxe4 33. fxe4 Ng4 34. Qe2 Qe6 35. e5 Rb3 36. d5 Qxe5 37. Re4 Qxb2 38. Re8+ Rxe8 39. Qxe8+ Kh7 40. Be4+ 1-0